000 00317nam a22001457a 4500
008 240205b ||||| |||| 00| 0 eng d
020 _a6319754
041 _aeng
080 _21963
_a611
082 _a611LAN
100 _a10
101 _aANATOMI
245 _aMEDICAL EMBRYOLOGY
_cJAN LANGMAN
942 _2udc
_cBK
999 _c60569
_d60569